| 000 | 00633cam a2200181 a 4500 | ||
|---|---|---|---|
| 020 | _a1570620490 (alk. paper) : | ||
| 040 | _cDLC | ||
| 082 | 0 | 0 | _a363 DUS 1995 C145 Or. |
| 245 | 0 | 0 | _aDeep ecology for the twenty-first century / |
| 250 | _a1st ed. | ||
| 260 |
_aBoston : _bShambhala ; _a[New York, N.Y.] : _bDistributed in the United States by Random House, _cc1995. |
||
| 300 |
_axxviii, 488 p. : _bill. ; _c23 cm. |
||
| 500 | _aCover title: Deep ecology for the 21st century. | ||
| 650 | 0 | _aDeep ecology. | |
| 700 | 1 | _aSessions, George, | |
| 856 | 4 | 2 | _uhttp://www.loc.gov/catdir/enhancements/fy0664/94013967-d.html |
| 942 | _cAEDBB | ||
| 999 |
_c18445 _d18445 |
||